NBA Top 20 All Time Leaders In 3 Point Field Goal Percentage - Statistics

General Stats
  • This quiz has been taken 1,291 times
  • The average score is 4 of 20
Answer Stats
Rank 3 PT FG % Answer % Correct
17 .402 Dell Curry
85%
19 .401 Ray Allen
80%
1 .455 Steve Kerr
63%
7 .416 Steve Nash
43%
16 .402 Mark Price
18%
12 .405 Michael Redd
16%
20 .400 Glen Rice
11%
11 .407 Brent Barry
8%
3 .437 Drazen Petrovic
8%
2 .441 Hubert Davis
7%
5 .425 B.J. Armstrong
6%
4 .431 Tim Legler
5%
6 .416 Wesley Person
3%
9 .411 Dana Barros
2%
10 .408 Trent Tucker
2%
18 .402 Michael Dickerson
1%
15 .402 Allan Houston
0%
13 .403 Dale Ellis
0%
14 .403 Jeff Hornacek
0%
8 .413 Pat Garrity
0%
No matching quizzes found
Score Distribution
Percent of People with Each Score
Percentile by Number Answered
Your Score History
You have not taken this quiz